00623nam a2200229 a 4500001001300000003000900013005001700022008004100039020001000080082001300090100001600103245003300119260003300152300000800185500003500193650002100228700001600249902000800265942000700273952009600280999001700376nice12345678IN_TiNIC20260116015305.0080630s2000 no a grp 000 0 eng  ac10000a231bWRI aWright, N T aJesus and the Victory of God aNo Pleace bNo Pleace c2000 a00p aincludes index and biblioraphy aGod-Christianity1 aWright, N T bSRC cBK 00114070aHMIbHMId2008-06-30g100.00l0o231 WRIp11001873r2008-06-30w2026-01-16yBK c19091d19091